Statystyki dla Operatorzy Rainbow Six Siege po umiejętnościach

Kliknij tutaj aby rozwiązać quiz!

Ogólne statystyki

  • Ten quiz został rozwiązany 232 razy
    (140 od ostatniego zresetowania)
  • Średni wynik to 40 z 66

Statystyki odpowiedzi

HintOdpowiedź% Poprawnych
Młot TaktycznySledge
100%
Tarcza z OślepiaczemBlitz
91%
Pocisk WywarzającuAsh
90%
Dron ElektrycznyTwitch
88%
Ładunek TermicznyThermite
85%
Wykrywacz ElektronikiIQ
84%
Tarcza LE ROCMontagne
84%
Ładunek KasetowyFuze
81%
Granat EMPThatcher
81%
PowiększenieGlaz
79%
Kusza TaktycznaCapitão
78%
Przypływ AdrenalinyFinka
78%
Palnik EgzotermicznyMaverick
76%
X-KARIOSHibana
75%
EE-ONE-DLion
75%
Pistolet ReanimacyjnyDoc
72%
Czujnik Bicia SercaPulse
72%
Torba z OpancerzeniemRook
72%
Mina GazowaSmoke
72%
Zakłócacz SygnałuMute
69%
Przezroczysta Tarcza TALON-8Osa
69%
Hak GARRAAmaru
67%
Drut PorażającyBandit
67%
CANDELAYing
67%
OtwieraczBuck
66%
MataFrost
66%
Pułapka WybuchowaKapkan
66%
Wyrzutnia Powietrznych PięściNomad
66%
Tarcza BojowaBlackbeard
64%
Dron YOKAIEcho
64%
Wodne Urządzenia Wyważające S.E.L.M.A.Ace
63%
Cichy ChódCaveira
63%
Replikator GEMINIIana
63%
Lustro WeneckieMira
60%
Panel PancernyCastle
58%
Mina GRZMOTEla
58%
EYENOX Model IIIJackal
58%
KS79 LIFELINEZofia
58%
Bomba LogicznaDokkaebi
57%
Mina GULesion
57%
Wyrzutnia gniazd KAWANGrim
55%
Redukcja Obecności HELNøkk
55%
CYKLOPValkyrie
55%
Wyrzutnia ARGUSZero
55%
Żądła TRAXGridlock
54%
Obrona ReaktywnaJäger
54%
PRISMAAlibi
49%
OKO ZŁAMaestro
49%
Ładunek RCE-RATEOFlores
48%
Elektropazur RTILAKaid
48%
Wyrzutnia SZUMIKÓWTachanka
45%
Inteligentne OkularyWarden
45%
Lanca Wybuchowa LVKali
43%
System projektorów R.O.U.Sens
42%
Tarcza CCEClash
40%
SZKODNIKMozzie
40%
Punkt Medyczny KÓNAThunderbird
39%
Tarcza WULKANGoyo
36%
Bariera KIBAAzami
34%
Zryw REMACHOryx
34%
Brama SURIAAruni
33%
Urządzenie Obrony Dźwiękowej BANSHEEMelusi
33%
Mina Ostrzowa RAZORBLOOMThorn
33%
ERC-7Vigil
33%
Elektryko-czujnik SPEC-IOSolis
31%
System MAG-NETWamai
30%

Rozkład punktacji

Percentyl według liczby udzielonych odpowiedzi

Procent ludzi z każdym wynikiem

Twoja historia wyników

Nie rozwiązałeś tego quizu od ostatniego zresetowania